| 000 | 00450nam a2200133Ia 4500 | ||
|---|---|---|---|
| 008 | 200924s9999 xx 000 0 und d | ||
| 020 | _a978-621-8070-39-4 | ||
| 100 | _aMedrano, Myrna O. | ||
| 245 |
_cMyrna O. Medrano, Minerva S. Fernandez, Ernesto Thaddeus Solmerano _aGreat books: _bselected masterpieces of world literature/ |
||
| 250 | _a1st ed. | ||
| 260 |
_aManila: _bFastbooks _c2019 |
||
| 300 |
_axvi, 408 pages _c25 cm. |
||
| 650 | _aLiterature | ||
| 999 |
_c364464 _d364464 |
||